01783nam a2200289 a 450000100100000000500170001000800410002702000150006804000250008308200230010810000470013124501220017824600510030026000540035130000210040550400740042659000260050065100720052665100720059891000420067095201340071295201340084695201880098095201850116895201250135399900150147800000292520200929150304.0090706s1977 dr r 000 0 spa d a8484010074 aDO-SdBNPbspacBNPHU a327.7307293bT168e1 aTansill, Charles Callan,d1890-1964.9929514aLos Estados Unidos y Santo Domingo, 1798-1873 :bun capítulo en la diplomacia del Caribe /cCharles Callan Tansill.14aLos Estados Unidos y Santo Domingo, 1978-1873. aSanto Domingo :bEditora de Santo Domingo,c1977. a546 p. ;c22 cm. aIncluye referencias bibliográficas y notas al pie de las páginas. aInventariado, 2018/BT 4aEstados UnidosxRelaciones ExterioreszRepública Dominicana96309 4aRepública DominicanaxRelaciones ExterioreszEstados Unidos96308 aValidado. Control de calidad. MMOLINA 001054708DSaGRbGRcHDd2009-07-06iLF1l0o327.7307293 T168ep2925-30r2020-06-25te.3w2020-06-25yLFDSZPréstamo en sala 001054708DSaGRbGRcHDd2009-07-06iLF1l0o327.7307293 T168ep2925-40r2020-06-25te.4w2020-06-25yLFDSZPréstamo en sala 001054708DSaGRbGRcHDd2011-04-19iLF1l0o327.7307293 T168ep2925-50r2020-06-25te.5w2020-06-25yLFDSzPerteneció a la biblioteca de la Flia. Reyes DulucZPréstamo en sala 0010718PDaPDbPDcHDd2009-07-06iLF1l0o327.7307293 T168ep2925-10r2020-06-25w2020-06-25yLFPDzPerteneció a la biblioteca personal de Germán Emilio Ornes.ZNo se presta 0010718PDaPDbPDcHDd2009-07-06iLF1l0o327.7307293 T168ep2925-20r2020-06-25te.2w2020-06-25yLFPDZNo se presta c2758d2758